000
00257nam a2200109Ia 4500
008
190216s9999||||xx |||||||||||||| ||und||
100
_a
Devaki Nandan Vibov
245
0
_a
Hindi-Sofal Jeevan
260
_b
Pragathi Prakashan
650
_a
Hindi
942
_c
BK
999
_c
15274
_d
15274